| 000 | 003420000a22001210004500 | ||
|---|---|---|---|
| 020 | _a06-440003-4 | ||
| 100 | 1 | _aWilder, Laura Ingalls | |
| 245 | 1 | 0 | _aLitle House in the Big Woods / Laura Ingalls Wilder, il. Garth Williams |
| 260 | _aNew York: Harper Trophy Book | ||
| 300 | _a337 P. | ||
| 500 | _aNovela Juvenil clásica. Tomo 1 | ||
| 001 | 295 | ||
| 999 |
_c47540 _d47540 |
||